• 首页
  • 本馆介绍
  • 公告通知
  • 最新文献
  • 馆藏检索
  • 电子资源
  • 读者导购
  • 参考咨询
  • 我的图书馆
  • 登录
  • 详细信息显示
  • 放入我的书架
  • 预约/预借图书
  • 作者相关作品
  • 分类相关作品
  • 丛书相关作品
  • 出版社相关作品

书目信息

  • 表格格式
  • 工作单格式
  • 卡片格式
书名: Transients in linear systems studied by the Laplace transformation
作者: [by] Murray F. Gardner ... and John L. Barnes ..
分册号:
分册名:
出版地: New York :
 
出版社: J. Wiley & Sons, inc
出版时间: 1942.
页数: 389 p. :
开本: 24 cm.
丛书名:
中图分类号:
科图分类号:
其他分类号: O29:T
主题词:
电子资源:
000 01215cam a22003371 450
001 E0763242796
005 20070517174612.09
008 730227m19429999nyua b 000 0 eng
010    @a43000366
035    @A(DLC) 43000366
035    @a(OCoLC)565482
040    @aDLC@beng@cODaWU@dOCoLC@dDLC
042    @apremarc
050 00 @aTK3226@b.G3
082    @a621.3192
090    @aO29:T
099    @dO29:T@ex11:1
100 1  @aGardner, Murray Frank,@d1897-
245 10 @aTransients in linear systems studied by the Laplace transformation / @c[by] Murray F. Gardner ... and John L. Barnes ..
260    @aNew York :@bJ. Wiley & Sons, inc. ;@aLondon :@bChapman & Hall, limited,@c1942.
300    @a389 p. :@btables, diagrs. ;@c24 cm.
504    @aBibliography: v. 1, p. 367-382.
505 1  @aI. Lumped-constant systems.
650  0 @aTransients (Electricity)
650  0 @aTransformations (Mathematics)
700    @aGardner, Murray Frank,@d1897-
700    @aBarnes . John L.
700 1  @aBarnes, John Landes,@d1906-@ejoint author.
906    @a7@bcbc@coclcrpl@du@encip@f19@gy-gencatlg
985    @eOCLC REPLACEMENT cdsdistr
991    @bc-GenColl@hTK3226@i.G3@p00023056173@tCopy 1@wOCLCREP
    
    Transients in linear systems studied by the Laplace transformation / / [by] Murray F. Gardner ... and John L. Barnes ..-New York : : J. Wiley & Sons, inc. ; ; London : : Chapman & Hall, limited, , 1942.
    389 p. : : tables, diagrs. ; ; 24 cm.
    Bibliography: v. 1, p. 367-382.-I. Lumped-constant systems.
    
    ISBN
    
●
相关链接 在E读中查询图书 在五车中查询图书 在当当中查询图书 在豆瓣中查询图书


正题名:Transients in linear systems studied by the Laplace transformation     索取号:O29:T/x11:1         预约/预借

序号 登录号 条形码 馆藏地/架位号 状态 备注
1 10116   300101164   第二样本阅览室/ [索取号:O29:T/x11:1] 在馆    
唐山师范学院图书馆 欢迎您!
大连网信软件有限公司© 版权所有